Surveying Vol-1 / (Record no. 14810)
[ view plain ]
| 000 -LEADER | |
|---|---|
| fixed length control field | 00385cam a2200157ua 4500 |
| 020 ## - INTERNATIONAL STANDARD BOOK NUMBER | |
| ISBN | 9788170088530 |
| 082 ## - DEWEY DECIMAL CLASSIFICATION NUMBER | |
| Classification number | 624.1517 |
| Item number | PUN/SU |
| 100 ## - MAIN ENTRY--AUTHOR NAME | |
| Personal name | Punmia, B C. |
| 245 ## - TITLE STATEMENT | |
| Title | Surveying Vol-1 / |
| 250 ## - EDITION STATEMENT | |
| Edition statement | 16 |
| 260 ## - PUBLICATION, DISTRIBUTION, ETC. (IMPRINT) | |
| Place of publication | New Delhi : |
| Name of publisher | Laxmi publications , |
| Year of publication | 2014 |
| 300 ## - PHYSICAL DESCRIPTION | |
| Number of Pages | 536p; . |
| 700 1# - ADDED ENTRY--PERSONAL NAME | |
| Personal name | Jain,Arun Kumar |
| 700 1# - ADDED ENTRY--PERSONAL NAME | |
| Personal name | Jain, Ashok Kumar |
| 942 ## - ADDED ENTRY ELEMENTS (KOHA) | |
| Koha item type | Books |
| Withdrawn status | Lost status | Damaged status | Collection code | Home library | Current library | Shelving location | Date acquired | Source of acquisition | Cost, normal purchase price | Full call number | Accession Number | Koha item type |
|---|---|---|---|---|---|---|---|---|---|---|---|---|
| KAUAET | KAUAET | General Stacks | 24/03/2017 | Calicut Books, Calicut | 495.00 | 624.1517 PUN/SU | 25234 | Books | ||||
| KAUAET | KAUAET | General Stacks | 24/03/2017 | Calicut Books, Calicut | 495.00 | 624.1517 PUN/SU | 25235 | Books | ||||
| KAUAET | KAUAET | General Stacks | 24/03/2017 | Calicut Books, Calicut | 495.00 | 624.1517 PUN/SU | 25236 | Books | ||||
| KAUAET | KAUAET | General Stacks | 24/03/2017 | Calicut Books, Calicut | 495.00 | 624.1517 PUN/SU | 25237 | Books | ||||
| KAUAET | KAUAET | Scheme | 11/07/2022 | TBS PUBLISHERS AND DISTRIBUTERS | 569.00 | 624.1517 PUN/SU | BB 639 | Book Bank scheme for SC students |
